Vista normal
Vista MARC
Entrada Materia (tema)
Número de registros utilizados en: 4
001 - CONTROL NUMBER
- control field: 37329
003 - CONTROL NUMBER IDENTIFIER
- control field: Co-BoUCM
005 - DATE AND TIME OF LATEST TRANSACTION
- control field: 20130514103257.0
008 - FIXED-LENGTH DATA ELEMENTS
- fixed length control field: 130514|| aca||aabn | a|a d
040 ## - CATALOGING SOURCE
- Original cataloging agency: Co-BoUCM
- Transcribing agency: Co-BoUCM
150 ## - HEADING--TOPICAL TERM
- Topical term or geographic name as entry element: Lengua latina
- General subdivision: Gramática
670 ## - SOURCE DATA FOUND
- Source citation: Work cat.: (Co-BoUCM)0: Zumpt, Carl Gottlob 1792-1849 37328, A grammar of the Latin language, 1847